Central Library OPAC University of Rajshahi

كتاب دول الاسلام.[ Kitāb duwal al-Islām ] = Les dynasties de l'Islam / (Record no. 79876)

MARC details
000 -LEADER
fixed length control field 01128cam a2200277 a 4500
001 - CONTROL NUMBER
control field 79876
003 - CONTROL NUMBER IDENTIFIER
rucl marc code BD-RjUL
005 - DATE AND TIME OF LATEST TRANSACTION
control field 20220530113159.0
008 - FIXED-LENGTH DATA ELEMENTS--GENERAL INFORMATION
fixed length control field 220530s1988 qa b f000 0 ara
035 ## - SYSTEM CONTROL NUMBER
System control number (BD-RjUL)79876
040 ## - CATALOGING SOURCE
Original cataloging agency DLC-R
Transcribing agency DLC-R
Modifying agency DLC
Language of cataloging eng
041 ## - LANGUAGE CODE
Language code of text/sound track or separate title ara
082 ## - DEWEY DECIMAL CLASSIFICATION NUMBER
Edition number 23
Classification number 297.09
Author mark and year DHK 1988
100 1# - MAIN ENTRY--PERSONAL NAME
Personal name [Dhahabī, Muḥammad ibn Aḥmad, ] ذهبي، محمد بن احمد،,
Dates associated with a name 1274-1348.
9 (RLIN) 3280
245 10 - TITLE STATEMENT
Title كتاب دول الاسلام.[ Kitāb duwal al-Islām ] = Les dynasties de l'Islam /
Statement of responsibility, etc. li-Hafiẓ Shams al-Dīn al-Dhahabī لحافظ شمس الدين الذهبي[ (٣٧٦-٨٤٧ه).]
250 ## - EDITION STATEMENT
Edition statement 2nd.ed.
260 ## - PUBLICATION, DISTRIBUTION, ETC. (IMPRINT)
Place of publication, distribution, etc. Q̣atar :
Name of publisher, distributor, etc. Idārat Iḥyāʼ al-Turāth al-Islāmi,
Date of publication, distribution, etc. 1988.
300 ## - PHYSICAL DESCRIPTION
Pagination 2 v. in 1.
490 ## - SERIES STATEMENT
Series statement Publications de l'I.F.E.A.D;
Volume/sequential designation no 106.
504 ## - BIBLIOGRAPHY, ETC. NOTE
Bibliography, etc Includes bibliographical references.
651 #0 - SUBJECT ADDED ENTRY--GEOGRAPHIC NAME
Geographic name Islamic Empire
General subdivision History.
9 (RLIN) 3281
830 ## - SERIES ADDED ENTRY--UNIFORM TITLE
Uniform title Publications de l'I.F.E.A.D;
Volume number/sequential designation no 106.
942 ## - ADDED ENTRY ELEMENTS (KOHA)
Source of classification or shelving scheme Dewey Decimal Classification
Koha item type Books
Holdings
Lost status Source of classification or shelving scheme Damaged status Not for loan Collection code Permanent Location Current Location Shelving location Date acquired Source of acquisition Cost, normal purchase price Full call number Date last seen Copy number Koha item type
  Dewey Decimal Classification   Not For Loan Non-fiction Central Library, University of Rajshahi Central Library, University of Rajshahi Reading Room 17/09/1968 Zeitlinger 106.00 297.09 DHK V-2 1988 30/05/2022 C-1 Books